Některé koncepty účetního odepisování dlouhodobých aktiv

Bibliographic Details
Main Author: Janhubová, Jaroslava (Author)
Format: Article
Language:Slovak
Czech
PhysicalDescription:Graf
ISBN:9788022527408
Subjects:

MARC

LEADER 00000naa a2200000 ar4500
001 vtls010092606
003 SK-MaSNL
005 20260302100522.0
008 100506c2009 xo qr|p|||||||000 b|slo
015 |a SNBRA2010/05  |2 snkbucl 
038 |a SNKBUCL 
040 |a SNKBUCL  |b slo  |c SNKBUCL  |e AACR2 
041 0 |a cze  |b eng  |b cze 
044 |a xo  |c SK 
080 |a 657.421  |2 2001 
100 1 |a Janhubová, Jaroslava  |4 aut  |9 771343 
245 1 0 |a Některé koncepty účetního odepisování dlouhodobých aktiv  |c Jaroslava Janhubová 
246 3 1 |a Some concepts of depreciation in accounting 
300 |b Graf 
504 |a Bibliogr. odkazy 
546 |a Súbežný názov angl. ; res. angl., čes. 
650 0 7 |a aktíva  |2 snkbucl  |9 522583 
650 0 7 |a dlhodobé aktíva  |2 snkbucl  |9 771344 
650 0 7 |a odpisy  |2 snkbucl  |9 770542 
773 0 |t Účtovníctvo a audítorstvo v procese svetovej harmonizácie  |d Bratislava : [Ekonomická univerzita], 2009  |g S. 67-69  |z 9788022527408 
852 |a SNK  |b KIS3GCP 
958 |a NB 
999 |c 1220321  |d 1222251